| 000 | 01249nam a22003134a 4500 | ||
|---|---|---|---|
| 001 | ebr10015439 | ||
| 003 | CaPaEBR | ||
| 006 | m u | ||
| 007 | cr cn||||||||| | ||
| 008 | 000510s2000 cauab sb 000 0 eng | ||
| 010 | _z 00040247 | ||
| 020 | _z0833027859 | ||
| 040 |
_aCaPaEBR _cCaPaEBR |
||
| 035 | _a(OCoLC)70724538 | ||
| 050 | 1 | 4 |
_aUC263 _b.W35 2000eb |
| 082 | 0 | 4 |
_a355.4/11/0973 _221 |
| 100 | 1 | _aWang, Mark. | |
| 245 | 1 | 0 |
_aAccelerated logistics _h[electronic resource] : _bstreamlining the Army's supply chain / _cMark Y.D. Wang ; foreword by James A. Champy. |
| 260 |
_aSanta Monica, CA : _bRand, _cc2000. |
||
| 300 |
_axvi, 48 p. : _bcol. ill., maps. |
||
| 500 | _a"MR-1140-A." | ||
| 504 | _aIncludes bibliographical references (p. 47-48). | ||
| 533 |
_aElectronic reproduction. _bPalo Alto, Calif. : _cebrary, _d2013. _nAvailable via World Wide Web. _nAccess may be limited to ebrary affiliated libraries. |
||
| 610 | 1 | 0 |
_aUnited States. _bArmy _xSupplies and stores. |
| 610 | 1 | 0 |
_aUnited States. _bArmy _xManagement. |
| 655 | 7 |
_aElectronic books. _2local |
|
| 710 | 2 | _aebrary, Inc. | |
| 856 | 4 | 0 |
_uhttp://site.ebrary.com/lib/rucke/Doc?id=10015439 _zAn electronic book accessible through the World Wide Web; click to view |
| 999 |
_c27895 _d27895 |
||